Classifica Marcatori Ligue 1 2014-2015 - Statistics

Statistiche generali
  • Questo quiz è stato fatto 6 volte
  • Il punteggio medio è 3 su 15
Statistiche sulle risposte
Gol Nazione Squadra Calciatore % Corretto
19 Svezia Paris Saint-Germain Zlatan Ibrahimović
100%
18 Uruguay Paris Saint-Germain Edinson Cavani
80%
27 Francia Olympique Lione Alexandre Lacazette
60%
21 Francia Olympique Marsiglia André-Pierre Gignac
40%
10 Ghana Olympique Marsiglia André Ayew
0%
10 Brasile Nizza Carlos Eduardo
0%
11 Francia Guingamp Christophe Mandanne
0%
17 Francia Guingamp Claudio Beauvue
0%
15 Uruguay Bordeaux Diego Rolán
0%
12 Ghana Lorient Jordan Ayew
0%
11 Argentina Montpellier Lucas Barrios
0%
10 Francia Caen(6)/ Évian TG(4) Mathieu Duhamel
0%
17 Costa d'Avorio Saint-Étienne Max Gradel
0%
13 Francia Olympique Lione Nabil Fekir
0%
14 Francia Tolosa Wissam Ben Yedder
0%
Nessun quiz corrispondente trovato
Distribuzione punteggi
Percentuale di utenti per punteggio
Percentile per numero di risposta
I tuoi punteggi nel tempo
Non hai fatto questo quiz